000 00523nam a2200169Ia 4500
999 _c30103
_d30103
003 OSt
005 20201207150406.0
008 190216s9999||||xx |||||||||||||| ||und||
040 _coclc
082 _a894.8124
_bRAV/R
100 _aRaveendran, O P
_96990
245 0 _aRohith Vemula Nizhalukalil Ninnu Nakshathrangalilekk /
_cO P Raveendran
260 _bVidyarthi Publications,
_c2016.
_aCalicut:
300 _a150p
650 _aMalayalam
942 _cBK
_2ddc
_h894.8124
_iRAV/R
_k894.8124
_mRAV/R